000 00463nam a2200145Ia 4500
008 100204s9999 xx 000 0 und d
082 _b25940
100 _aभारव्दाज मंदाकिनी
245 _aबीज अंकुरले
260 _b"शिवम प्रकाशन , ठाणे"
_c2003
300 _a279
630 _aबीज अंकुरले
730 _aबीज अंकुरले
942 _cBOOK
999 _c471121
_d471118